The Adult Students. (Record no. 3034)
[ view plain ]
| 000 -LEADER | |
|---|---|
| fixed length control field | 00487nas a22001933 4500 |
| 001 - CONTROL NUMBER | |
| control field | 000000242258 |
| 003 - CONTROL NUMBER IDENTIFIER | |
| control field | OSt |
| 005 - DATE AND TIME OF LATEST TRANSACTION | |
| control field | 20181023120355.0 |
| 008 - FIXED-LENGTH DATA ELEMENTS--GENERAL INFORMATION | |
| fixed length control field | 790307d19uu19uuxxc||||| |||||||||||eng| |
| 040 ## - CATALOGING SOURCE | |
| Transcribing agency | DLC |
| 082 ## - DEWEY DECIMAL CLASSIFICATION NUMBER | |
| Classification number | REF 205 |
| 245 04 - TITLE STATEMENT | |
| Title | The Adult Students. |
| 260 ## - PUBLICATION, DISTRIBUTION, ETC. | |
| Place of publication, distribution, etc. | Tennessee, USA : |
| Name of publisher, distributor, etc. | Pathway Press, |
| Date of publication, distribution, etc. | 2004. |
| 300 ## - PHYSICAL DESCRIPTION | |
| Extent | 64 p.: |
| 650 ## - SUBJECT ADDED ENTRY--TOPICAL TERM | |
| Topical term or geographic name entry element | Book sof Ezekiel |
| General subdivision | Wisdom From James |
| 942 ## - ADDED ENTRY ELEMENTS (KOHA) | |
| Source of classification or shelving scheme | Dewey Decimal Classification |
| Koha item type | Reference |
No items available.
